| 000 | 00705nam a2200217 a 4500 | ||
|---|---|---|---|
| 003 | OSt | ||
| 005 | 20240719110807.0 | ||
| 008 | 940328s1993 txua b 001 0 eng d | ||
| 010 | _a 92073444 | ||
| 020 | _a003043629X | ||
| 040 |
_aDDC _cMUST |
||
| 082 | 0 | 0 | _a339 GRE 1993 |
| 100 | 1 |
_aGreen, Steven L. _918873 |
|
| 245 | 1 | 0 |
_aMacroeconomics, analysis and applications / _cSteven L. Green. |
| 260 |
_aFort Worth : _bDryden Press, _c1993. |
||
| 300 |
_axxv, 706 p. : _bill. ; _c27 cm. |
||
| 504 | _aIncludes bibliographical references and index. | ||
| 650 | 0 |
_aMacroeconomics. _97608 |
|
| 942 |
_2ddc _cO_SHELF |
||
| 999 |
_c9246 _d9246 |
||